| 000 | 00768nam a22002771c 4500 | ||
|---|---|---|---|
| 001 | a987662829 | ||
| 008 | 090202s2003 gw |||| 000u rus d | ||
| 041 | _arus | ||
| 100 | 1 | _aRyženko, V. G. | |
| 245 | 0 | 0 |
_aIntelligencija v kul'ture krupnogo sibirskogo goroda v 1920-e gody : _bvoprosy teorii, istorii, istoriografii, metodov issledovanija |
| 264 |
_aEkaterinburg [u.a.], _c2003 |
||
| 300 | _a369 S. | ||
| 650 | 0 | _aBildungswesen | |
| 650 | 0 | _aWissenschaft | |
| 650 | 0 | _aUniversität | |
| 650 | 0 | _aGesellschaft | |
| 650 | 0 | _aStadt | |
| 650 | 0 | _aÖffentlichkeit | |
| 651 | 0 | _aOmsk | |
| 651 | 0 | _aSibirien | |
| 710 | 2 | _aUral'skij gos. universitet | |
| 710 | 2 | _aOmskij gos. universitet | |
| 942 | _cMG | ||
| 040 | _cRU-10907106 | ||
| 003 | RU-10907106 | ||
| 999 |
_c17209 _d17209 |
||